000 00623nam a2200241Ia 4500
003 OSt
005 20221007070802.0
006 a|||||r|||| 00| 0
007 ta
008 221006b |||||||| |||| 00| 0 eng d
024 _a44,816
037 _cTextual
040 _aFLL
_cFLL
_beng
041 _2eng
_aeng
082 _aZ2,2673, Q7
100 _aMYNENI S.R.
_9687087
245 0 _aLaw of intellectual property
250 _a8th
260 _ahyderabad
_bAsia Law House india
_c2017
300 _alxxii,756p.
_ccm.
942 _hZ2,2673, Q7
_cTEXL
_2CC
999 _c1141521
_d1141521